<?xml version="1.0" encoding="UTF-8"?>
<record
    xmlns:xsi="http://www.w3.org/2001/XMLSchema-instance"
    xsi:schemaLocation="http://www.loc.gov/MARC21/slim http://www.loc.gov/standards/marcxml/schema/MARC21slim.xsd"
    xmlns="http://www.loc.gov/MARC21/slim">

  <leader>00518nam a22001817a 4500</leader>
  <datafield tag="999" ind1=" " ind2=" ">
    <subfield code="c">3675</subfield>
    <subfield code="d">3675</subfield>
  </datafield>
  <controlfield tag="003">GBCCL</controlfield>
  <controlfield tag="005">20241126110500.0</controlfield>
  <controlfield tag="008">171201b        xxu||||| |||| 00| 0 eng d</controlfield>
  <datafield tag="040" ind1=" " ind2=" ">
    <subfield code="c">gbc</subfield>
  </datafield>
  <datafield tag="082" ind1=" " ind2=" ">
    <subfield code="a">VER 253.092</subfield>
    <subfield code="b">THU</subfield>
  </datafield>
  <datafield tag="100" ind1=" " ind2=" ">
    <subfield code="a">Thuamvung, K.</subfield>
    <subfield code="9">7282</subfield>
  </datafield>
  <datafield tag="245" ind1=" " ind2=" ">
    <subfield code="a">Ka Pu' Gou:</subfield>
    <subfield code="b">A biography of Rev. K. Thuamvung /</subfield>
    <subfield code="c">Compiled by K. Vungsuanmang</subfield>
  </datafield>
  <datafield tag="260" ind1=" " ind2=" ">
    <subfield code="a">Lamka:</subfield>
    <subfield code="b">K. Vungzakhum,</subfield>
    <subfield code="c">2009</subfield>
  </datafield>
  <datafield tag="300" ind1=" " ind2=" ">
    <subfield code="a">68p.;</subfield>
    <subfield code="b">ill.,</subfield>
    <subfield code="c">20 cm.</subfield>
  </datafield>
  <datafield tag="650" ind1=" " ind2=" ">
    <subfield code="a">Thuamvung, K</subfield>
    <subfield code="9">7282</subfield>
  </datafield>
  <datafield tag="650" ind1=" " ind2=" ">
    <subfield code="a">Christian Biography</subfield>
    <subfield code="9">1119</subfield>
  </datafield>
  <datafield tag="942" ind1=" " ind2=" ">
    <subfield code="2">ddc</subfield>
    <subfield code="c">BK</subfield>
  </datafield>
  <datafield tag="952" ind1=" " ind2=" ">
    <subfield code="0">0</subfield>
    <subfield code="1">0</subfield>
    <subfield code="2">ddc</subfield>
    <subfield code="4">0</subfield>
    <subfield code="7">0</subfield>
    <subfield code="8">PAITE</subfield>
    <subfield code="a">GBC</subfield>
    <subfield code="b">GBC</subfield>
    <subfield code="c">VER</subfield>
    <subfield code="d">2017-12-01</subfield>
    <subfield code="l">0</subfield>
    <subfield code="o">VER 253.092 THU</subfield>
    <subfield code="p">010228</subfield>
    <subfield code="r">2025-05-01 00:00:00</subfield>
    <subfield code="t">c.1</subfield>
    <subfield code="w">2017-12-01</subfield>
    <subfield code="y">BK</subfield>
  </datafield>
  <datafield tag="952" ind1=" " ind2=" ">
    <subfield code="0">0</subfield>
    <subfield code="1">0</subfield>
    <subfield code="2">ddc</subfield>
    <subfield code="4">0</subfield>
    <subfield code="7">0</subfield>
    <subfield code="8">PAITE</subfield>
    <subfield code="a">GBC</subfield>
    <subfield code="b">GBC</subfield>
    <subfield code="c">VER</subfield>
    <subfield code="d">2017-12-01</subfield>
    <subfield code="l">0</subfield>
    <subfield code="o">VER 253.092 THU</subfield>
    <subfield code="p">010230</subfield>
    <subfield code="r">2025-05-01 00:00:00</subfield>
    <subfield code="t">c.3</subfield>
    <subfield code="w">2017-12-01</subfield>
    <subfield code="y">BK</subfield>
  </datafield>
  <datafield tag="952" ind1=" " ind2=" ">
    <subfield code="0">0</subfield>
    <subfield code="1">0</subfield>
    <subfield code="2">ddc</subfield>
    <subfield code="4">0</subfield>
    <subfield code="7">0</subfield>
    <subfield code="8">PAITE</subfield>
    <subfield code="a">GBC</subfield>
    <subfield code="b">GBC</subfield>
    <subfield code="c">VER</subfield>
    <subfield code="d">2017-12-01</subfield>
    <subfield code="l">0</subfield>
    <subfield code="o">VER 253.092 THU</subfield>
    <subfield code="p">010229</subfield>
    <subfield code="r">2025-05-01 00:00:00</subfield>
    <subfield code="t">c.2</subfield>
    <subfield code="w">2017-12-01</subfield>
    <subfield code="y">BK</subfield>
  </datafield>
  <datafield tag="952" ind1=" " ind2=" ">
    <subfield code="0">0</subfield>
    <subfield code="1">0</subfield>
    <subfield code="2">ddc</subfield>
    <subfield code="4">0</subfield>
    <subfield code="7">0</subfield>
    <subfield code="8">PAITE</subfield>
    <subfield code="a">GBC</subfield>
    <subfield code="b">GBC</subfield>
    <subfield code="c">VER</subfield>
    <subfield code="d">2018-06-26</subfield>
    <subfield code="l">0</subfield>
    <subfield code="o">VER 253.092 THU</subfield>
    <subfield code="p">010343</subfield>
    <subfield code="r">2025-05-01 00:00:00</subfield>
    <subfield code="t">c.4</subfield>
    <subfield code="w">2018-06-26</subfield>
    <subfield code="y">BK</subfield>
  </datafield>
  <datafield tag="952" ind1=" " ind2=" ">
    <subfield code="0">0</subfield>
    <subfield code="1">0</subfield>
    <subfield code="2">ddc</subfield>
    <subfield code="4">0</subfield>
    <subfield code="7">0</subfield>
    <subfield code="8">PAITE</subfield>
    <subfield code="a">GBC</subfield>
    <subfield code="b">GBC</subfield>
    <subfield code="c">VER</subfield>
    <subfield code="d">2018-06-26</subfield>
    <subfield code="l">0</subfield>
    <subfield code="o">VER 253.092 THU</subfield>
    <subfield code="p">010348</subfield>
    <subfield code="r">2025-05-01 00:00:00</subfield>
    <subfield code="t">c.5</subfield>
    <subfield code="w">2018-06-26</subfield>
    <subfield code="y">BK</subfield>
  </datafield>
</record>
